| 000 | 00751nam a2200229 i 4500 | ||
|---|---|---|---|
| 001 | 143975 | ||
| 003 | ES-MaACL | ||
| 005 | 20230906200922.0 | ||
| 007 | t| | ||
| 008 | 070214s1952 ag r ||||1| spa d | ||
| 100 | 1 |
_aShaw, Bernard. _9106025 |
|
| 245 | 1 | 0 |
_aAndrocles y el león _b: ; Denegado ; Pigmalión / _cBernard Shaw ; traducción de Floreal Mazía. |
| 260 |
_aBuenos Aires : _bEd. Sudamericana, _c1952 ( _fCompañía Impresora Argentina) |
||
| 300 |
_a427 p. ; _c19 cm. |
||
| 490 | 1 | _aObras completas de Bernard Shaw. Teatro | |
| 700 | 1 |
_aMazía, Floreal. _979475 |
|
| 740 | 0 | _aDenegado. | |
| 740 | 0 | _aPigmalión. | |
| 830 | 0 |
_aObras completas de Bernard Shaw. Teatro _9220623 |
|
| 852 |
_aES-MaACL _jC-9005 |
||
| 999 |
_c143975 _d143975 |
||